| 000 | 00666nam a2200229Ia 4500 | ||
|---|---|---|---|
| 008 | 160319s9999 xx 000 0 und d | ||
| 020 | _a971-08-6370-3 | ||
| 050 | _aFIL QD 261 | ||
| 050 | _b.V59 2003 c.1 | ||
| 100 | _aVizconde, Arturo D. | ||
| 245 | _aLaboratory manual : | ||
| 245 | _bin basic organic chemistry / | ||
| 245 | _cArturo D. Vizconde, Susan T. Sta. Ana, Romeo B. Empino. | ||
| 260 | _aMandaluyong: | ||
| 260 | _bNational Book Store, | ||
| 260 | _c2003 | ||
| 300 | _a93 pages : | ||
| 300 | _billustrations ; | ||
| 300 | _c28 cm. | ||
| 500 | _aIncludes bibliographical references. | ||
| 650 | _aChemistry, Organic -- Laboratory manuals. | ||
| 999 |
_c291887 _d291887 |
||